000 00248nam a2200121Ia 4500
100 _a#N/A
942 _cBK
245 _aPractical Java Project for beginners - the team SPD
260 _b#N/A
082 _b21971
546 _aENGLISH
999 _c34882
_d34882